00342nam a2200145Ia 4500003000400000005001700004008004000021040000700061041000800068082001300076100001700089245003000106260005100136300000900187OSt20260210111035.0210210b1968 xxu||||| |||| 00| 0 eng d cAL aeng a428 FOSC aBrian Foster aChanging english language aLondonbSt. Martin''s Press., Macmillan.c1968 a263p